老殘遊記
| 資料類型: | 圖書 | 書目號: | 47036 |
Leader xxxxxxxxxx 001 __ PCLIS00047036 005 __ 20140529135302.02 010 0_ |a957-|b平裝|dNT$300 020 __ |acw|b82005151 100 __ |a20140529d2014 0chib0109 e 101 0_ |achi 102 __ |acw 105 __ |aa z 000yy 200 1_ |a老殘遊記|e|f劉鶚著|g 205 __ |a初版 210 __ |a新北市|c智揚|d民83年 215 0_ |a面|c圖, 表|d公分 225 1_ |a|v 300 __ |a 681 __ |a857.44|b 700 __ |a劉鶚|b|4著 702 _1 |a|b|4 801 __ |acw|b本館|c20140529 |